| 000 | nam a22 7a 4500 | ||
|---|---|---|---|
| 999 |
_c99 _d99 |
||
| 005 | 20170417153541.0 | ||
| 008 | 170417b1999 -cn||||| |||| 00| 0 eng d | ||
| 040 | _aAKMAL | ||
| 082 | _a343.7305266 BLA | ||
| 090 |
_a343.7305266 _bBLA |
||
| 245 | 0 | 0 |
_aTax planning and compliance for tax-exempt organizations : _bforms, checklists, procedures. |
| 300 | _c26cm | ||
| 490 | 1 | _aNonprofit law, finance, and management series | |
| 650 | 0 |
_aTax exemption _x Law and legislation _9262 |
|
| 650 | 0 |
_aTax Planning _9263 |
|
| 830 | 0 | 0 |
_aNonprofit law, finance, and management series. _9264 |
| 942 |
_2ddc _cBOOK |
||